000 00624nam a22002175i 4500
001 168507
003 ES-MaACL
005 20250523062601.0
008 080416s1999 sp |||| | spa d
020 _a84-85708-53-9
080 _a81:1
100 1 _aGarcía Calvo, Agustín,
_d1926-2012
_eaut
_9233841
245 1 0 _aDel aparato
_b: (del lenguaje III) /
_cAgustín García Calvo.
250 _a1ª ed.
260 _aZamora :
_bLucina,
_c1999.
300 _a543 p. ;
_c19 cm.
650 4 _aLenguaje y lógica.
_914350
852 _aES-MaACL
_jL-29352
_9R.143366
942 _2udc
999 _c168507
_d168507